Margaret Hillert's The birthday car / illustrated by Patrick Girouard.
"A boy receives a new red play car for his birthday and shares riding in it with his friends. Original edition revised with all new illustrations"-- Provided by publisher.
Record details
- ISBN: 9781599537955
- ISBN: 1599537958
- Physical Description: 30 pages : color illustrations ; 21 cm.
- Publisher: [Chicago, IL] : Norwood House Press, ©2017.
Content descriptions
| General Note: | "A Beginning-to-Read book." "21st Century Edition." "Authorized adapted reprint from the U.S. English language edition"--Copyright page. Originally published in 1966 by Follett Publishing Company under the title The birthday car. |
Search for related items by subject
| Subject: | Automobiles > Fiction. Toys > Fiction. Birthdays > Fiction. |
Search for related items by series
Available copies
- 0 of 1 copy available at scottsboropl.
Holds
- 0 current holds with 1 total copy.
Show Only Available Copies
| Location | Call Number / Copy Notes | Barcode | Shelving Location | Status | Due Date |
|---|---|---|---|---|---|
| scottsboropl | BR Hil | 32269001052573 | Juvenile - Beginning Reader | Checked out | 06/09/2026 |
| LDR | 01827nam a2200445 i 4500 | ||
|---|---|---|---|
| 001 | 146343 | ||
| 003 | CONS | ||
| 005 | 20180403131144.0 | ||
| 008 | 160506s2017 ilua b 000 1 eng | ||
| 010 | . | ‡a 2016001872 | |
| 020 | . | ‡a9781599537955 ‡q(library edition) | |
| 020 | . | ‡a1599537958 ‡q(library edition) | |
| 035 | . | ‡a(CPomAG)LMN605095 | |
| 037 | . | ‡a1410219 ‡bQBI | |
| 042 | . | ‡alcac ‡apcc | |
| 050 | 0 | 0. | ‡aPZ7.H558 ‡bMad 2017 |
| 082 | 0 | 0. | ‡a[E] ‡223 |
| 100 | 1 | . | ‡aHillert, Margaret, ‡eauthor. |
| 240 | 1 | 0. | ‡aBirthday car |
| 245 | 1 | 0. | ‡aMargaret Hillert's The birthday car / ‡cillustrated by Patrick Girouard. |
| 264 | 1. | ‡a[Chicago, IL] : ‡bNorwood House Press, ‡c©2017. | |
| 300 | . | ‡a30 pages : ‡bcolor illustrations ; ‡c21 cm. | |
| 336 | . | ‡atext ‡btxt ‡2rdacontent | |
| 336 | . | ‡astill image ‡bsti ‡2rdacontent | |
| 337 | . | ‡aunmediated ‡bn ‡2rdamedia | |
| 338 | . | ‡avolume ‡bnc ‡2rdacarrier | |
| 490 | 1 | . | ‡aA beginning-to-read book. Easy stories |
| 500 | . | ‡a"A Beginning-to-Read book." | |
| 500 | . | ‡a"21st Century Edition." | |
| 500 | . | ‡a"Authorized adapted reprint from the U.S. English language edition"--Copyright page. | |
| 500 | . | ‡aOriginally published in 1966 by Follett Publishing Company under the title The birthday car. | |
| 520 | . | ‡a"A boy receives a new red play car for his birthday and shares riding in it with his friends. Original edition revised with all new illustrations"-- ‡cProvided by publisher. | |
| 650 | 1. | ‡aAutomobiles ‡vFiction. | |
| 650 | 1. | ‡aToys ‡vFiction. | |
| 650 | 1. | ‡aBirthdays ‡vFiction. | |
| 700 | 1 | . | ‡aGirouard, Patrick, ‡eillustrator. |
| 800 | 1 | . | ‡aHillert, Margaret. ‡tBeginning-to-read book. ‡pEasy stories. |
| 914 | . | ‡aSCP_kt | |
| 959 | . | ‡i32269001052573 ‡lBR Hil ‡aJuvenile - Easy ‡tBeginning Reader ‡g25.00 | |
| 852 | . | ‡p32269001052573 ‡jBR Hil ‡gJuvenile - Easy ‡cBeginning Reader ‡y25.00 ‡bSBPL | |
| 901 | . | ‡a146343 ‡bUnknown ‡c146343 ‡tbiblio | |